000
00341nam a2200133Ia 4500
008
240624s9999 xx 000 0 und d
041
_a
eng
082
_a
332.024 CHA
100
_a
CHARUPAT NARAT
245
_a
STRATEGIC FINANCIAL PLANNING OVER THE LI
260
_c
2012
_a
New York
_b
Cambridge
300
_a
367 : p. : cm. ; 28
365
_c
RS
999
_c
27838
_d
27838